Statistics for Airlines with A380s

Click here to take the quiz!

General Stats

  • This quiz has been taken 207 times
    (129 since last reset)
  • The average score is 12 of 14

Answer Stats

QuantityAirline% Correct
123Emirates
100%
12British Airways
95%
14Lufthansa
95%
10Air France
94%
12Qantas
93%
10Etihad
87%
24Singapore Airlines
87%
10Qatar Airways
86%
10Korean Air
79%
3All Nipon Airways
72%
5China Southern Airlines
71%
6Malaysia Airlines
70%
6Asiana
69%
6Thai Airways
69%

Score Distribution

Percentile by Number Answered

Percent of People with Each Score

Your Score History

You have not taken this quiz since the last reset